| 000 | 00545nmm a2200181Ia 4500 | ||
|---|---|---|---|
| 008 | 251105s9999||||xx |||||||||||||||||und|| | ||
| 020 | _a9788496576261 | ||
| 041 | _aspa | ||
| 100 | _aArconada, Andrés | ||
| 245 | 0 |
_aRodajes al borde de un ataque de nervios : _b El cine español se confiesa |
|
| 264 |
_a[Madrid, España] : _bT&B Editores, _c2006 |
||
| 300 | _a372 páginas | ||
| 650 | _aFilm studies | ||
| 700 | _aArconada, Andrés | ||
| 700 | 1 | _a Velayos, Teresa | |
| 856 | _uhttps://public.digitaliapublishing.com/a/461 | ||
| 942 | _cCF | ||
| 999 |
_c62078 _d62078 |
||